000 00591nam a2200229Ia 4500
003 IT-RoPAU
008 120407s9999 xx 000 0 und d
040 _aIT-RoPAU
040 _cIT-RoPAU
041 _aita
100 _aBernard Sesboùé
245 _aGesù Cristo l’unico mediatore. Saggio sulla redenzione e la salvezza
250 _aCinisello Balsamo
260 _aEdizioni Paoline
260 _c1991
300 _c21,5 cm
490 _aProspettive teologiche
490 _v11
600 _a1° v. Problematica e rilettura dottrinale. 455 p.
942 _cBK
999 _c163
_d163